[Event "Linares"]
[Site "26"]
[Date "2009.02.25"]
[Round "6"]
[White "Carlsen, Magnus"]
[Black "Anand, Viswanathan"]
[Result "1-0"]
[WhiteElo "2776"]
[BlackElo "2791"]
[Annotator "JvR"]
[PlyCount "153"]
[EventDate "2009.??.??"]

1. d4 d5 2. c4 c6 3. Nc3 Nf6 4. e3 e6 5. Nf3 Nbd7 6. Qc2 Bd6 7. g4 Nxg4 8. Rg1
Qf6 9. Rxg4 Qxf3 10. Rxg7 Nf6 11. h3 Qf5 $6 {The black pawn structure will be
ruined. Anand will encounter a hard defence in the endgame.} ({Preferable is} 
11... h6 12. Bd2 e5 {(Aronian - Morozevich, Linares 2007).}) 12. Qxf5 exf5 13.
cxd5 cxd5 14. Nb5 Bb4+ 15. Bd2 Bxd2+ 16. Kxd2 Ke7 17. Bd3 Be6 18. Nc7 $5 Rag8
19. Nxe6 Kxe6 20. Rxg8 Nxg8 $6 (20... Rxg8 21. Rc1 Rg2 22. Ke2 Rh2 {brings
play for both sides (Carlsen).}) 21. Ke2 Ne7 22. Kf3 $1 {He keeps the rook in
reserve for an attack on the g-file.} Rc8 23. a4 Rc7 24. a5 h6 25. h4 Kf6 26.
h5 $1 {Carlsen advances everywhere, because he wants to restrict Anand.} Nc8
27. Kf4 Nd6 28. Rg1 Rc8 29. f3 Ke6 $2 {Anand plays this move too soon.} (29...
a6 $1 {leads to zugzwang for White.} 30. Bb1 Ke6 31. Rg7 $6 Rc1 $1 32. Bd3 Rh1
{brings a plus for Black.}) 30. Rg7 $1 Rh8 31. Bc2 Rc8 32. Bb3 Rh8 33. Rg1 Rc8
34. Rg7 Rh8 35. Rg2 $1 Rc8 36. Rg1 $1 {Black is in zugzwang.} Ne8 $1 {Anand
sets a trap.} 37. e4 $1 {White starts a dangerous attack in the centre.} ({Not
} 37. Rg8 $4 Nf6 38. Rxc8 Nxh5#) 37... fxe4 38. fxe4 Nf6 39. e5 $1 Ne4 $1 ({
The pointe is} 39... Nxh5+ $2 40. Ke3 $1 {and Rh1 will force the win.}) 40. Ke3
b6 $5 41. axb6 axb6 42. Kd3 Nf2+ 43. Ke2 Ne4 44. Ke3 f6 $5 45. Rg6 Rc1 46. Rxh6
$6 (46. exf6 $1 Re1+ 47. Kd3 Nxf6 48. Bxd5+ $1 {would have given better
winning chances (A.Ganiev).}) 46... Rh1 47. Bc2 Rh3+ $2 (47... Re1+ $1 48. Kd3
Rh1 {defends well (S.Zagrebelny).}) 48. Kf4 $1 Rh4+ 49. Kf3 $1 Nd2+ 50. Ke2 $2
(50. Kg3 $1 Rxd4 51. Rxf6+ Kxe5 52. Rf5+ Ke6 53. h6 {wins for White (Carlsen).}
) 50... Rh2+ 51. Kd1 Nc4 52. Rxf6+ Ke7 53. Bg6 Rd2+ 54. Kc1 Rxd4 55. b3 $1 Nxe5
56. Rxb6 Rh4 $1 57. Bf5 $1 Nf3 $2 ({Right is} 57... Rh1+ 58. Kc2 (58. Kd2 Nc4+
$3 59. bxc4 Rxh5 $11 {(S.Zagrebelny)}) 58... Nf3) 58. h6 $1 Nd4 59. h7 $1 Nxf5
60. Rb8 $1 Nd4 61. Kb2 $1 Kd6 62. h8=Q Rxh8 63. Rxh8 {Carlsen has won an
exchange.} Kc5 64. Rh5 Nc6 65. Rh4 Nb4 66. Ka3 d4 $1 67. Rh5+ Nd5 68. Kb2 Kc6
69. Ka3 Kc5 70. Rh4 Nb4 71. Rh8 Nc6 $6 (71... Nc2+ {prolongs the game.}) 72.
Rh5+ Kd6 73. b4 $1 d3 $5 74. Rh3 Ne5 75. Kb3 d2 76. Kc2 Nc6 77. Rh4 1-0

[Event "Linares"]
[Site "26"]
[Date "2009.02.25"]
[Round "6"]
[White "Grischuk, Alexander"]
[Black "Aronian, Levon"]
[Result "1-0"]
[WhiteElo "2733"]
[BlackElo "2750"]
[Annotator "JvR"]
[PlyCount "117"]
[EventDate "2009.??.??"]

1. d4 d5 2. c4 c6 3. Nf3 Nf6 4. Nc3 e6 5. Bg5 h6 6. Bh4 dxc4 7. e4 g5 8. Bg3 b5
9. Ne5 h5 10. h4 g4 11. Be2 Bb7 12. O-O Nbd7 13. Qc2 Nxe5 14. Bxe5 Bg7 15. b3
O-O $5 ({Theory is} 15... cxb3 16. axb3 O-O) 16. bxc4 Nh7 $1 {Aronian regains
the extra pawn.} 17. Bxg7 Kxg7 18. Rad1 Qxh4 19. cxb5 cxb5 20. Nxb5 Rac8 21.
Qd3 Rfd8 $5 (21... g3 $1 22. Qxg3+ Qxg3 23. fxg3 Bxe4 {draws (Krasenkow).}) 22.
d5 exd5 23. Qd4+ Kg8 24. Qxa7 Qe7 25. e5 Qxe5 $2 ({Better is} 25... Ra8 26. Qe3
Rxa2) 26. Qxb7 Rb8 ({Not} 26... Qxe2 27. Nd6 $1) 27. Qc7 Qxe2 28. Nd4 $1 Qc4
29. Qe5 Re8 30. Qxh5 Rb6 31. Nf5 Rbe6 32. Ne3 Qxa2 33. Nxg4 Qe2 $1 34. Qh4 ({
He avoids the trap} 34. Rxd5 $4 Qxf1+ $1 35. Kxf1 Re1#) 34... Qc4 $5 35. f4 $1
Rg6 36. Rf3 Qc5+ $5 37. Kh1 Qe7 38. Qh3 Qd6 $2 {Aronian commits the fatal
blunder.} ({Right is} 38... Nf6 39. Re3 $1 Qf8 $1 40. Nxf6+ Rxf6 41. Rg3+ Rg6
42. Rxd5 Qb4 $1 {and Black has positional compensation for the pawn.}) 39. f5
$1 Rg5 40. Nh6+ Kf8 41. Nxf7 $1 {An elegant decision.} Qf6 ({The pointe is} 
41... Kxf7 42. Qxh7+ Kf8 43. f6 Qe5 44. Rh3 {(Krasenkow).}) 42. Nxg5 Nxg5 43.
Qh4 Re7 44. Rh3 $1 Qxf5 45. Qh8+ Kf7 46. Rh5 Re8 47. Qh6 Rg8 48. Qd6 Rg6 49.
Qxd5+ Qxd5 50. Rxd5 Ne4 51. Rhf5+ Kg7 52. Rd7+ Kh6 53. Rf4 Ng3+ 54. Kh2 Nh5 55.
Ra4 Nf6 56. Rdd4 Rg5 57. Rf4 Rg6 58. Rf3 Nh7 59. Rh3+ {Grischuk had scored
plus three.} 1-0

[Event "Linares"]
[Site "26"]
[Date "2009.02.26"]
[Round "7"]
[White "Aronian, Levon"]
[Black "Ivanchuk, Vassily"]
[Result "0-1"]
[WhiteElo "2750"]
[BlackElo "2779"]
[Annotator "JvR"]
[PlyCount "87"]
[EventDate "2009.??.??"]

1. d4 Nf6 2. c4 g6 3. Nc3 Bg7 4. e4 d6 5. Nf3 O-O 6. Be2 e5 7. Be3 c6 8. d5 Ng4
9. Bg5 f6 10. Bh4 c5 11. O-O h5 12. Ne1 Nh6 13. f3 Nf7 $5 14. Rb1 Bh6 {Black
has no hurry with the development of the queenside.} 15. Bf2 Na6 16. a3 b6 17.
b4 f5 $5 18. exf5 gxf5 19. f4 $5 {The next exchange helps Black.} Bxf4 20. Bxh5
Bd7 21. Rb3 Qg5 $5 22. b5 $6 {Hereafter, the queenside remains closed.} (22.
Nd3 $1 Be3 23. Bxe3 Qxe3+ 24. Nf2 {favours White (Ivanchuk).}) 22... Nc7 23.
Bxf7+ $5 Rxf7 24. Ne2 Rg7 25. Nxf4 Qxf4 $1 26. Bxc5 Qh6 $1 {Ivanchuk has given
a pawn for the initiative.} 27. Be3 f4 28. Bc1 Bg4 29. Qd2 Rf8 30. Nd3 Ne8 31.
Nxf4 $2 {White panics.} ({Better is} 31. Bb2 Rf5 32. Nxf4 $1 Rgf7 33. h3 Rxf4
$5 34. Rxf4 Rxf4 35. Bc1 Qh4 36. hxg4 Rxg4 {and White almost equalises 
(Ivanchuk).}) 31... Rxf4 32. Rxf4 Qxf4 33. Qxf4 exf4 34. Bxf4 Rf7 $1 35. g3 Re7
$1 {The black counterattack refutes the sacrifice.} 36. h3 $5 Bxh3 37. Kf2 Nf6
38. g4 Bxg4 39. Re3 Ne4+ 40. Ke1 Kf7 41. a4 Nc5 42. Kd2 Rxe3 43. Kxe3 Ke7 44.
Kd4 {Grischuk led by 5/7 at the end of the first cycle. Carlsen and Ivanchuk
followed at one point.} 0-1

[Event "Linares"]
[Site "26"]
[Date "2009.02.28"]
[Round "8"]
[White "Carlsen, Magnus"]
[Black "Aronian, Levon"]
[Result "0-1"]
[WhiteElo "2776"]
[BlackElo "2750"]
[Annotator "JvR"]
[PlyCount "186"]
[EventDate "2009.??.??"]

1. d4 d5 2. c4 c6 3. Nf3 Nf6 4. Nc3 e6 5. e3 Nbd7 6. Qc2 Bd6 7. g4 h6 8. Bd2
dxc4 9. Bxc4 b5 10. Be2 Bb7 11. e4 Be7 12. g5 hxg5 13. Nxg5 b4 14. Na4 c5 15.
Nxc5 Nxc5 16. dxc5 Rc8 17. Qa4+ $6 (17. Bxb4 Nd7 18. Bb5 O-O 19. Bxd7 Qxd7 20.
h4 f6 21. Nf3 Qb5 22. Bc3 Rxc5 {drew in a computer assisted game (2007).})
17... Bc6 18. Bb5 Bxb5 19. Qxb5+ Qd7 20. Qxd7+ Nxd7 21. Ke2 Rh4 22. Rac1 Rxc5
23. Rxc5 Bxc5 {Black has an edge in the endgame.} 24. f4 e5 $1 25. h3 exf4 26.
Nf3 Rh6 27. Bxf4 Re6 28. Nd2 Bd4 29. Rb1 Ra6 30. a3 $5 bxa3 31. bxa3 Rxa3 {
Aronian has won a pawn.} 32. Nc4 $1 {White counters.} Ra2+ 33. Kd3 Bf2 34. Bd6
Nb6 35. Bb4 Nxc4 36. Kxc4 Bb6 37. Kd5 Rg2 38. Rb3 Rg5+ 39. e5 Bc7 $5 40. Bd6
Bxd6 41. Kxd6 Rg6+ 42. Kd5 {The rook ending offers little winning chances for
Black.} Rb6 43. Rc3 Kd7 44. Rf3 Ke7 45. Rc3 Rb7 46. Rc6 g6 47. Ra6 Kf8 $1 48.
Ke4 Kg7 49. Kf4 Re7 50. Ra5 Kh6 51. Kg4 a6 $5 52. Rxa6 $6 {A waiting move
would draw easily.} Rxe5 53. Rb6 Re3 54. Ra6 f5+ 55. Kh4 Re4+ 56. Kg3 Kg5 57.
Ra3 Re2 58. Kf3 Rh2 59. Kg3 Rb2 60. Ra8 $5 Rb3+ 61. Kg2 Kf4 62. Ra4+ Ke3 63. h4
$1 Rb6 ({The pointe is} 63... f4 64. Ra6 $1) 64. Kg3 Rd6 65. Rf4 Rd1 66. Rf3+
Ke4 67. Rf4+ Ke5 68. Ra4 f4+ $1 69. Kg2 Rd2+ 70. Kf3 Rd3+ 71. Kg2 Rg3+ 72. Kh2
$1 {The h-pawn needs a distant protection.} Kf5 73. Ra6 Re3 74. Ra5+ Re5 75.
Ra2 $1 Kg4 $1 76. Rg2+ $1 Kh5 77. Kh3 Ra5 78. Rg1 Ra3+ 79. Kh2 Ra6 80. Kh3 Ra5
81. Rg2 Rc5 82. Rg1 f3 $5 83. Kg3 $5 Rf5 84. Rf1 $2 {Carlsen makes a fatal
mistake.} ({Right is} 84. Kf2 $1 Rf6 85. Rh1 Kg4 {(Krasenkow)} 86. h5 $5 gxh5 {
drawn.}) 84... f2 $1 85. Kh3 Rf3+ 86. Kg2 Kg4 87. h5 $5 Rg3+ $1 88. Kh2 ({Or} 
88. Kxf2 Rf3+ 89. Kg2 Rxf1 90. Kxf1 Kxh5) 88... Kf3 $1 89. Ra1 Rg2+ $1 90. Kh1
Rg5 91. Ra3+ Kf4 92. Ra4+ Kg3 93. Ra3+ Kh4 $1 {Carlsen and Aronian fought in
several long and decided games.} (93... Kh4 94. Ra1 Rg1+ 95. Rxg1 fxg1=Q+ 96.
Kxg1 Kxh5 {is shown by the databases.}) 0-1

[Event "Linares"]
[Site "26"]
[Date "2009.03.01"]
[Round "9"]
[White "Dominguez Perez, Leinier"]
[Black "Carlsen, Magnus"]
[Result "0-1"]
[WhiteElo "2717"]
[BlackElo "2776"]
[Annotator "JvR"]
[PlyCount "108"]
[EventDate "2009.??.??"]

1. e4 c5 2. Nf3 d6 3. d4 cxd4 4. Nxd4 Nf6 5. Nc3 g6 6. Be3 Bg7 7. f3 Nc6 8. Qd2
O-O 9. Bc4 Bd7 10. O-O-O Rb8 11. Bb3 Na5 12. Bh6 Bxh6 13. Qxh6 b5 14. g4 Nxb3+
15. Nxb3 b4 16. Nd5 Nxd5 17. exd5 Rb6 18. Rhe1 $6 {The rook is needed on the
h-file.} ({Known is} 18. h4 {(Maslak - Porat, Pardubice 2008).}) 18... e5 19.
dxe6 fxe6 20. Re3 (20. Qd2 {returns the queen from offside.}) 20... Rf7 21. Nd2
$5 d5 22. Nb3 Qc7 23. Kb1 Rb8 24. Rde1 $5 Rc8 $1 25. R1e2 Qb6 26. h4 d4 27. Re5
d3 $1 28. cxd3 Rxf3 29. d4 $2 ({The retreat} 29. Qd2 {is met by} Qg1+ 30. Re1
Qxg4 31. h5 $1 {and White has counter-play (Dominguez).}) 29... Bb5 $1 30. R2e3
({Or} 30. Re1 Rxb3 $1 31. axb3 Bd3+ 32. Ka2 Qa6+ {and mate (Rogozenco).}) 30...
Bd3+ 31. Ka1 Qxd4 $5 32. Rxe6 ({Not} 32. Nxd4 $2 Rc1#) 32... Rf1+ 33. Re1 Qxg4
34. Rxf1 Qxe6 35. Nc5 Qe2 36. Rc1 Bf5 37. Qf4 a5 38. h5 Qe7 $6 {Both players
miss the best move under time pressure.} (38... Rd8 $1 39. hxg6 hxg6 {wins for
Black.}) 39. Qc4+ $6 (39. hxg6 $1 hxg6 $1 40. Qc4+ Qf7 $1 41. Qd4 Qd7 $1 42.
Qc4+ Be6 $1 43. Qc2 Qf7 {brings a difficult win for Black.}) 39... Be6 40. Qc2
({The pointe is} 40. Qd4 Qg5 $1) 40... Qg5 $1 41. hxg6 hxg6 42. a3 bxa3 43. Qc3
axb2+ 44. Kxb2 Qd5 45. Rc2 a4 46. Ka1 a3 47. Qe3 Bf7 48. Qc3 g5 49. Qe3 Re8 50.
Qc3 Re2 51. Nb3 Rxc2 52. Qxc2 Qe5+ 53. Kb1 Kg7 54. Qd2 Bxb3 {Carlsen defended
and counterattacked well.} 0-1

[Event "Linares"]
[Site "26"]
[Date "2009.03.02"]
[Round "10"]
[White "Carlsen, Magnus"]
[Black "Wang Yue"]
[Result "0-1"]
[WhiteElo "2776"]
[BlackElo "2739"]
[Annotator "JvR"]
[PlyCount "128"]
[EventDate "2009.??.??"]

1. d4 d5 2. c4 c6 3. Nc3 Nf6 4. e3 a6 5. Nf3 b5 6. b3 Bg4 7. Bd2 Nbd7 8. h3
Bxf3 9. Qxf3 b4 10. Na4 e5 11. Rc1 $5 (11. cxd5 cxd5 12. dxe5 Nxe5 {was played
in Lugovoi - Volkov, Moscow 1999.}) 11... Bd6 12. cxd5 cxd5 13. dxe5 Nxe5 14.
Qd1 O-O $1 {Wang has gained an edge.} 15. Be2 a5 $5 16. Rc2 Qe7 17. Bc1 Rad8
18. Bb2 Ng6 19. O-O Ne4 20. Bd4 Nh4 $1 {Black takes the initiative.} 21. Bd3
Nf5 22. Bb6 Rb8 23. Bxe4 $5 {White eliminates an attacker.} (23. Bxa5 Qe5 24.
f4 Qe7 25. Qc1 Qa7 26. Bxe4 dxe4 27. Bc7 $1 Qxe3+ 28. Qxe3 Nxe3 29. Bxd6 Nxc2
30. Bxf8 Kxf8 {brings many exchanges.}) 23... Qxe4 24. Rd2 Rxb6 $1 {An
important defender of the white position disappears.} 25. Nxb6 Qe5 $5 (25...
Nxe3 26. fxe3 Qxe3+ 27. Rdf2 {gives no winning chances (Giri).}) 26. Re1 $2 ({
Correct is} 26. g3 $1 Nxg3 $1 27. Re1 $1 Ne4 28. f4) 26... Qh2+ 27. Kf1 Qh1+
28. Ke2 Qxg2 29. Rxd5 Ng3+ 30. Kd3 Bc7 $1 31. fxg3 Bxb6 32. Kc4 $1 Rb8 $1 {The
white king is caught.} 33. Kb5 $6 (33. e4 Qxg3 34. Qd2 {offers more resistance.
}) 33... Bd4+ $2 ({Giri analyses} 33... Bd8+ $1 34. Ka6 Bc7 $1 35. Qd4 Qxh3 36.
g4 Qh6+ {and White will be mated or lose material.}) 34. Kc4 Bf6 35. Qd3 Qxg3
36. Rd1 Qc7+ 37. Rc5 Qb7 38. Qd6 $2 {Magnus has little time for contemplation
and misses the escape.} (38. Qd7 $1 Qe4+ 39. Rd4 Qc2+ 40. Kd5 Qg2+ 41. e4 Qg5+
42. Kc4 Qc1+ 43. Kd5 Qg5+ {leads to perpetual check.}) 38... Qe4+ $1 39. Rd4
Qc2+ 40. Kd5 Qg2+ 41. e4 Rd8 42. Qxd8+ Bxd8 43. Rc8 g6 44. Rxd8+ Kg7 45. Rd3
Qc2 46. Kd4 a4 47. bxa4 Qxa2 48. Kc5 b3 49. Rb8 b2 50. Rdb3 Qxa4 51. Rxb2 Qxe4
52. R8b3 Kh6 53. Rc3 f5 54. Rbb3 Qe5+ 55. Kc4 Kh5 56. Kd3 Kh4 57. Kd2 f4 58.
Rf3 g5 59. Rfd3 Qc5 60. Rbc3 Qf2+ 61. Kd1 Qf1+ 62. Kd2 Qg2+ 63. Kd1 Qe4 64. Kd2
h5 {Wang defeated Carlsen in Wijk aan Zee and Linares 209.} 0-1

[Event "Linares"]
[Site "26"]
[Date "2009.03.05"]
[Round "12"]
[White "Carlsen, Magnus"]
[Black "Grischuk, Alexander"]
[Result "1-0"]
[WhiteElo "2776"]
[BlackElo "2733"]
[Annotator "JvR"]
[PlyCount "73"]
[EventDate "2009.??.??"]

{Grischuk led one-and-a-half points on Carlsen, when the round began.} 1. e4 c5
2. Nf3 d6 3. d4 cxd4 4. Nxd4 Nf6 5. Nc3 a6 6. Be2 e6 7. O-O Be7 8. a4 Nc6 9.
Be3 O-O 10. f4 Qc7 11. Kh1 Re8 12. Bf3 Bf8 13. Qd2 Rb8 14. Qf2 e5 15. fxe5 $5 (
{Known is} 15. Nde2) 15... dxe5 16. Nb3 Nb4 17. Ba7 Ra8 18. Bb6 Qe7 19. Rad1
Be6 $6 ({Better is} 19... Bg4 $1) 20. Nd5 $1 Bxd5 21. exd5 e4 22. d6 {White
has created a dangerous, passed pawn.} Qe6 $6 23. Nc5 $1 Qf5 24. Be2 Qxf2 25.
Rxf2 Nbd5 26. a5 $6 ({The elegant} 26. Rxf6 $1 Nxf6 27. a5 $1 {grabs an
advantage (Carlsen).}) 26... Nxb6 27. axb6 Rab8 $2 {Grischuk is going to lose
the endgame.} (27... Rec8 $1 28. b4 $1 Rc6 29. Nxb7 Rxb6 30. d7 Rxb7 31. d8=Q
Rxd8 32. Rxd8 Rxb4 {might bring survival (Giri).}) 28. Rxf6 $1 gxf6 29. Nd7 $1
{White has opened the road for his passed pawn.} f5 30. c4 $1 a5 31. c5 Bg7 32.
Nxb8 Rxb8 33. Ba6 $3 {Carlsen ends the game brilliantly.} Bf6 34. Bxb7 $1 Rxb7
35. c6 Rxb6 36. Rc1 $1 Bxb2 37. d7 $1 {Grischuk led half-a-point on Carlsen,
Aronian and Ivanchuk with two rounds to go. So the tension was back at the top.
} 1-0

[Event "Linares"]
[Site "26"]
[Date "2009.03.06"]
[Round "13"]
[White "Ivanchuk, Vassily"]
[Black "Aronian, Levon"]
[Result "1-0"]
[WhiteElo "2779"]
[BlackElo "2750"]
[Annotator "JvR"]
[PlyCount "69"]
[EventDate "2009.??.??"]

1. d4 d5 2. c4 c6 3. Nf3 Nf6 4. Nc3 e6 5. e3 Nbd7 6. Qc2 Bd6 7. b3 O-O 8. Be2
b6 9. O-O Bb7 10. Bb2 Rc8 11. Rac1 c5 12. dxc5 $5 bxc5 13. Rfd1 Qe7 14. g3 $5
Rfd8 15. cxd5 exd5 16. Nh4 $5 Bb8 17. Bf1 Ne5 $6 ({Black could play} 17... g6
$1 18. Bg2 Qe6) 18. Bh3 $1 Rc7 19. Bg2 d4 $2 {The tournament has lasted long.}
(19... Rcc8 $1 {keeps Black in the game (Giri).}) 20. Nf5 $1 Qe8 21. exd4 cxd4
22. Nxd4 $1 {White has won a pawn.} Bxg2 23. Kxg2 g6 24. Ne4 $1 Qe7 25. Nxf6+ (
{Even better is} 25. Nf5 $1 gxf5 26. Nxf6+ Qxf6 27. Bxe5 Rxc2 28. Bxf6 Rxd1 29.
Rxc2 {and White wins bishop c8 (NIC).}) 25... Qxf6 26. Qe2 Rxc1 27. Rxc1 Qd6
28. Qe4 (28. f4 $1 Qd5+ 29. Kg1 Nd7 30. Nc6 $1 {finishes the struggle.}) 28...
Qb4 29. Rc2 f5 30. Qe2 Qb7+ 31. Nc6 $1 Re8 $2 (31... Nxc6 32. Qe6+ Kf8 33. Rxc6
Qf7 {prolongs the game.}) 32. Kg1 Nf3+ 33. Qxf3 Re1+ 34. Kg2 Qb5 35. Rc4 {
Carlsen missed the win against Radjabov and Grischuk could not defeat Anand.
So Grischuk and Ivanchuk were leading by half-a-point on Carlsen.} 1-0

[Event "Linares"]
[Site "26"]
[Date "2009.03.07"]
[Round "14"]
[White "Aronian, Levon"]
[Black "Grischuk, Alexander"]
[Result "1/2-1/2"]
[WhiteElo "2750"]
[BlackElo "2733"]
[Annotator "JvR"]
[PlyCount "82"]
[EventDate "2009.??.??"]

1. c4 g6 2. Nf3 Bg7 3. d4 Nf6 4. Nc3 O-O 5. e4 d6 6. Be2 e5 7. Be3 Ng4 8. Bg5
f6 9. Bc1 exd4 10. Nxd4 f5 11. h3 Nh6 12. exf5 Nxf5 13. Nxf5 Bxf5 14. Be3 Nc6
15. Qd2 a5 16. O-O Kh8 17. Rad1 Qf6 18. Nd5 Qf7 19. b3 $5 ({Damljanovic has
played} 19. Bh6 {in this position.}) 19... b6 20. a3 Rae8 21. Rfe1 Re6 22. Bf1
Rfe8 23. b4 axb4 24. axb4 h5 $5 25. b5 $1 Na5 26. Bd4 Kh7 27. Rxe6 Bxe6 28.
Bxg7 Qxg7 29. Re1 Qf7 30. Re4 $5 {White tries a trick.} Bxd5 31. Rf4 $5 Qg8 32.
cxd5 Nb3 $1 33. Qc3 Nc5 34. Qf3 Kg7 35. g4 Re5 36. Bc4 Qe8 37. Bd3 hxg4 38.
hxg4 Qe7 39. Kg2 Nd7 40. Bc2 Nf6 41. Rd4 Rg5 {All games were drawn in the last
round.   The final standings became: Grischuk 8/14 (winner on tie-break; he
had won more games), Ivanchuk 8, Carlsen 71/2, Anand 7, Radjabov, Wang and
Aronian 61/2, Dominguez 6. Linares 2009 had a prize fund of 314,000 Euros but
no appearance fees. Grischuk and Ivanchuk each won 87,500 and Carlsen got 50,
000.} 1/2-1/2

[Event "Linares"]
[Site "27"]
[Date "2010.02.14"]
[Round "2"]
[White "Grischuk, Alexander"]
[Black "Gelfand, Boris"]
[Result "1-0"]
[WhiteElo "2736"]
[BlackElo "2761"]
[Annotator "JvR"]
[PlyCount "69"]
[EventDate "2010.??.??"]

{Six grandmasters played two cycles in Linares from 13 until 24 ii 2010. The
nine decided games have been selected.} 1. d4 Nf6 2. c4 e6 3. Nc3 Bb4 4. e3 O-O
5. Bd3 d5 6. Nf3 c5 7. O-O dxc4 8. Bxc4 Nbd7 9. Qe2 a6 10. a4 cxd4 11. exd4 Nb6
12. Bd3 Nbd5 13. Nxd5 Nxd5 $5 (13... exd5 {drew in Ivanchuk - Speelman,
Reykjavik 1991.}) 14. Qe4 g6 15. Bh6 Re8 16. Ne5 Bd7 17. Qf3 Qe7 {Gelfand
defends quietly.} 18. Be4 Bc6 19. Bxd5 Bxd5 20. Qf4 f5 21. h4 $5 Rac8 22. Rac1
Bd6 23. Rfe1 Qf6 $5 24. Rc3 Rxc3 25. bxc3 Rc8 26. Qg3 Be4 $6 {The defence
crumbles.} ({Preferable is} 26... Bxe5 $5 27. Rxe5 Qe7 {(Ftacnik).}) 27. h5 $1
Bxe5 28. dxe5 Qf7 29. Re3 Kh8 $2 {The king becomes more vulnerable.} ({Better
is} 29... Rc7 $1 30. hxg6 hxg6 31. Qg5 Rd7) 30. Qh4 $1 gxh5 $5 31. Rg3 Bd5 32.
a5 $1 {Grischuk triumphs on all fronts.} f4 33. Rg7 Qf5 34. Qe7 Qe4 35. Qf6 {
The resistance has been crushed.} 1-0

[Event "Linares"]
[Site "27"]
[Date "2010.02.14"]
[Round "2"]
[White "Topalov, Veselin"]
[Black "Gashimov, Vugar"]
[Result "1-0"]
[WhiteElo "2805"]
[BlackElo "2759"]
[Annotator "JvR"]
[PlyCount "95"]
[EventDate "2010.??.??"]

{Topalov played a relaxed tournament as prepation for his match against Anand.
} 1. d4 d5 2. c4 c6 3. Nf3 Nf6 4. e3 a6 5. Qc2 g6 6. Bd3 Bg7 7. O-O O-O 8. Nbd2
Nbd7 9. cxd5 cxd5 10. b3 Nb8 $5 {Gashimov springs a fine novelty.} 11. Ba3 Nc6
12. Rac1 Be6 13. Qb2 Re8 14. h3 Rc8 15. Rc2 Bf5 $5 16. Bxf5 gxf5 17. Ne1 $5 Ne4
18. Nd3 e5 19. Nxe4 dxe4 20. Nxe5 Nxe5 21. dxe5 Rxc2 $5 22. Qxc2 Qa5 $5 23. Bd6
Bxe5 24. b4 $5 Qd8 25. Bxe5 Rxe5 26. Rc1 Rd5 27. a4 b5 $5 28. axb5 Rxb5 29. Qa4
Qd6 30. Qa1 $1 {Suddenly Topalov threatens mate.} Qe5 $6 ({Preferable is} 30...
Qe6 $1 31. Qc3 Rd5 32. Qc8+ Qxc8 33. Rxc8+ Kg7) 31. Qxa6 $1 {White gains a
superior position.} Rxb4 32. Qh6 Rb8 33. g3 Qe6 34. Qf4 Rc8 35. Rd1 Rc6 $5 36.
Rd8+ Kg7 37. Kg2 h6 $2 (37... Rb6 $1 {prevents the next move.}) 38. Qb8 $1 Qf6
39. Rd5 $6 (39. Rh8 $1 Kg6 40. h4 $1 Rb6 41. Qg8+ {ends the game.}) 39... Re6
40. h4 h5 $2 (40... f4 $5 41. Qxf4 Qxf4 42. gxf4 {offers strong resistance in
a rook ending (Ftacnik).}) 41. Rd8 $1 Kh7 42. Rg8 $1 f4 43. gxf4 Qxh4 44. Rh8+
Kg6 45. Qg8+ Kf6 46. Qd8+ Re7 47. Rh6+ Kf5 ({Or} 47... Kg7 48. Qh8#) 48. Qd5+ {
White wins quickly.} 1-0

[Event "Linares"]
[Site "27"]
[Date "2010.02.18"]
[Round "5"]
[White "Topalov, Veselin"]
[Black "Grischuk, Alexander"]
[Result "1-0"]
[WhiteElo "2805"]
[BlackElo "2736"]
[Annotator "JvR"]
[PlyCount "137"]
[EventDate "2010.??.??"]

1. e4 c5 2. Nf3 d6 3. d4 cxd4 4. Nxd4 Nf6 5. Nc3 a6 6. Be3 Ng4 7. Bc1 Nf6 8. h3
Nc6 9. g4 Qb6 10. Nde2 $5 ({Theory is} 10. Nb3) 10... e6 11. Bg2 Be7 12. b3 h6
13. Qd2 g5 $5 14. Ba3 Ne5 15. O-O-O Qxf2 $5 {Grischuk takes all risks.} 16.
Bxd6 Bxd6 $1 17. Qxd6 Nfd7 18. Nd4 $1 Qf6 ({The pointe is} 18... Qxg2 $2 19.
Nxe6 $1) 19. Qa3 $5 Qe7 20. Qb2 O-O 21. Nf5 $2 {Topalov attacks wildly.} exf5
22. Nd5 Qc5 23. exf5 a5 $1 {The queen's rook will develop through a6.} 24. h4
gxh4 25. Rxh4 Ra6 $1 26. Kb1 $5 Qf2 27. Ne7+ $5 Kg7 $2 (27... Kh7 $1 28. Rdh1
Qxg2 29. Qc1 Nxg4 30. Ng6 fxg6 31. Rxg4 Qxh1 32. Qxh1 Rxf5 33. Re4 Ne5 {leads
to a great black advantage (Ftacnik).}) 28. Rh2 f6 $2 {Time troubles start.}
29. g5 $2 fxg5 30. Nxc8 Raf6 $1 31. Ne7 R8f7 $6 32. Nd5 Nf3 $6 33. Bxf3 Qxh2
34. Nxf6 Nxf6 35. a4 Qf4 36. Bd5 Rd7 37. Re1 Qxf5 38. Bc4 $6 Qf2 $6 39. Qe5 Qd4
40. Qf5 Qg4 41. Qxa5 {White has the initiative.} Rd1+ 42. Rxd1 Qxd1+ 43. Kb2
Qd6 44. Qa7 $1 Qe5+ 45. Ka2 Qe4 46. Bd3 Qc6 47. a5 Nd5 $5 48. Qd4+ $1 Nf6 49.
Qe5 Kf8 50. c4 g4 51. Bf5 Kf7 52. Qb8 Ne8 $2 {Grischuk succumbs.} ({Correct is
} 52... h5 $1 53. Bc8 Qc5 54. Qxb7+ Kg6 55. a6 Qa5+ 56. Kb1 Qe1+ {and drawn by
perpetual check.}) 53. Qf4 Qc5 $6 {Grischuk misses the last chance.} (53... Nf6
$1 54. Qxh6 Qd6 55. Bxg4 Qe5 56. Bd1 Qxa5+ {fights back.}) 54. Bxg4+ Nf6 55.
Qf5 Qd4 56. Bf3 Qf2+ 57. Ka3 Kg7 58. Ka4 $1 b6 59. axb6 Qxb6 60. c5 Qa7+ 61.
Kb5 Qb8+ 62. Kc4 Qg8+ 63. Kc3 Qe8 64. b4 Qe1+ 65. Kc4 Qf1+ 66. Kb3 Qb5 67. Bd1
Qc6 68. Bc2 Kf7 69. Bd3 {Topalov scored plus two in the first cycle.} 1-0